ბათუმის შოთა რუსთაველის სახელმწიფო უნივერსიტეტის ბიბლიოთეკა

Избранные сочинения (ბიბ.ჩანაწერი № 46294)

000 -LEADER
fixed length control field 00562nam a2200217Ia 4500
001 - CONTROL NUMBER
control field 13130
003 - CONTROL NUMBER IDENTIFIER
control field GE_BSU
008 - FIXED-LENGTH DATA ELEMENTS--GENERAL INFORMATION
fixed length control field 181216s||||||||xx |||||||||||||| ||und||
040 ## - CATALOGING SOURCE
Transcribing agency GE_BSU
080 ## - UNIVERSAL DECIMAL CLASSIFICATION NUMBER
Universal Decimal Classification number 631.4
100 ## - MAIN ENTRY--PERSONAL NAME
Personal name Вильямс,В.Р.
245 ## - TITLE STATEMENT
Title Избранные сочинения
245 ## - TITLE STATEMENT
Statement of responsibility, etc. Ред.Б.Кобрин
250 ## - EDITION STATEMENT
Edition statement 2-ое
260 ## - PUBLICATION, DISTRIBUTION, ETC.
Place of publication, distribution, etc. Москва
260 ## - PUBLICATION, DISTRIBUTION, ETC.
Name of publisher, distributor, etc. Московский рабочий
260 ## - PUBLICATION, DISTRIBUTION, ETC.
Date of publication, distribution, etc. 1950
300 ## - PHYSICAL DESCRIPTION
Extent 464стр.фото.20см.
653 ## - INDEX TERM--UNCONTROLLED
Uncontrolled term Избранные сочинения
942 ## - ADDED ENTRY ELEMENTS (KOHA)
Koha item type წიგნი
ეგზემპლარები
Withdrawn status Lost status Damaged status Not for loan Date acquired Barcode Date last seen Price effective from Koha item type
        2018-12-17 21072 2018-12-17 2018-12-17 წიგნი